书目信息 |
| 题名: |
《管锥编》《谈艺录》索引
|
|
| 作者: | 陆文虎 编 | |
| 分册: | ||
| 出版信息: | 北京 中华书局 1994 |
|
| 页数: | 742,186页 | |
| 开本: | 22cm | |
| 丛书名: | ||
| 单 册: | ||
| 中图分类: | Z89:I | |
| 科图分类: | ||
| 主题词: | 文摘 , 索引 | |
| 电子资源: | ||
| ISBN: | 7-101-00344-3 | |
| 000 | 00576nam0 2200205 45 | |
| 001 | 0401291565 | |
| 005 | 20040130024608.1 | |
| 010 | @a7-101-00344-3@b精装@dCNY31.00 | |
| 100 | @a20040129d1994 km y0chiy0120 ea | |
| 101 | 0 | @achi |
| 105 | @a z 000yy | |
| 200 | 1 | @a《管锥编》《谈艺录》索引@A《Guan Zhui Bian》《Tan Yi Lu》Suo Yin@f陆文虎编@FLu Wen Hu Bian |
| 210 | @a北京@c中华书局@d1994 | |
| 215 | @a742,186页@d22cm | |
| 606 | 0 | @a文摘 |
| 606 | 0 | @a索引 |
| 690 | @aZ89:I@v4 | |
| 701 | 0 | @a陆文虎@4编 |
| 801 | @aCN@bTSTCL@c20040129 | |
| 905 | @b333059-060@dZ89:I@e114@f2 | |
| 《管锥编》《谈艺录》索引/陆文虎编.-北京:中华书局,1994 |
| 742,186页;22cm |
| ISBN 7-101-00344-3(精装):CNY31.00 |
| ● |
| 相关链接 |
|
|
|
|
正题名:《管锥编》《谈艺录》索引
索取号:Z89:I/114
 
预约/预借
| 序号 | 登录号 | 条形码 | 馆藏地/架位号 | 状态 | 备注 |
| 1 | 0333059 | 203330591 | 工具书阅览室/ [索取号:Z89:I/114] | 在馆 | |
| 2 | 0333060 | 203330608 | 第二样本阅览室/ [索取号:Z89:I/114] | 在馆 |